| 000 | 00405nam a22001577a 4500 | ||
|---|---|---|---|
| 999 |
_c5804 _d5802 |
||
| 005 | 20210828140240.0 | ||
| 008 | 190404b xxu||||| |||| 00| 0 eng d | ||
| 020 | _a978-93-88706-20-9 | ||
| 041 | _aeng | ||
| 100 |
_aBOTHARA, DR,K.G. AND BOTHARA, DR, K.K. _96823 |
||
| 245 | _aA TEXT BOOK OF PHARMACOLOGY- I | ||
| 250 | _a1st, 2019 | ||
| 260 |
_aPUNE _bNIRALI PRAKASHAN |
||
| 300 | _a22.12p, | ||
| 942 | _cBK | ||